000
00262nam a2200109Ia 4500
008
190216s9999||||xx |||||||||||||| ||und||
100
_a
Hameed M A
245
0
_a
Complete Guide To S S L C Arabic Text
260
_b
Al Huda Book Stall
650
_a
Arabic
942
_c
BK
999
_c
148
_d
148